| 000 | 00524nam a22001817a 4500 | ||
|---|---|---|---|
| 999 |
_c2993 _d2950 |
||
| 008 | 190114b ||||| |||| 00| | eng d | ||
| 020 | _a9751405092 | ||
| 041 | _atur | ||
| 050 | _aPL248.A745 | ||
| 100 |
_9942 _aAtasü, Erendiz |
||
| 245 | _aDağın Öteki Yüzü : Öyküyle Roman Arasında Gezinen Bir Anlatı | ||
| 250 | _a1.Basım | ||
| 260 |
_aİstanbul: _bRemzi Kitabevi, _cKasım 1995 |
||
| 300 | _a285 Sayfa | ||
| 500 | _aGünümüz Türk Yazarları : 24 | ||
| 650 | 0 |
_9145 _aTürk Edebiyatı |
|
| 942 |
_2lcc _cBK |
||